Statistics for Bordering Countries with same Initial

Click here to take the quiz!

General Stats

  • This quiz has been taken 2,168 times
  • The average score is 26 of 38

Answer Stats

ANSWER % Correct
Iran
87%
Iraq
87%
Brazil
81%
Mali
80%
Bolivia
80%
Sudan
78%
South Sudan
78%
Mauritania
78%
Mauritania
78%
Chad
74%
Chad
74%
Nigeria
74%
Niger
74%
Zimbabwe
73%
Morocco
73%
Zambia
73%
Latvia
72%
Lithuania
72%
Armenia
72%
Central African Republic
71%
Central African Republic
71%
Azerbaijan
71%
Cameroon
71%
Cameroon
71%
Ethiopia
69%
Eritrea
68%
Guinea
64%
South Africa
63%
Swaziland
62%
Guinea-Bissau
62%
Kazakhstan
61%
Kyrgyzstan
57%
Malawi
57%
Mozambique
56%
Benin
51%
Burkina Faso
50%
Bangladesh
49%
Burma
48%

Score Distribution

Percentile by Number Answered

Percent of People with Each Score

Your Score History

You have not taken this quiz